1169 1240 1318 1816 1416 1972 1521 1279 1548 1186 1725 1304 1260 1154 1378 1792 1988 1025 1118 1392 1899 1794 1293 1932 1314 1707 1680 1077 1953 1694 1277 1877 1517 1570 1743 1171 1326 1061 1038 1460 1110 1392 1176 1731 1702 1459 1910 1243 1236 1062 1776 1620 1198 1721 1675 1590 1347 1576 1452 1653 1732 1133 1447 1068 1190 1662 1365 1067 1965 1802 1969 1424 1373 1840 1306 1980 1604 1679 1490 1735 1880 1646 1679 1810 1501 1282 1001 1785 1706 1201 1117 1049 1294 1773 1476 1464 1904 1601 1824 BCNSPRNW ULIB Ver.6.0+V

เปลี่ยนเป็นภาษาไทย

Change to English
 แสดงรายละเอียดบรรณานุกรม
  กลับหน้าหลัก

Brief Record : Get Marc (ISO 2709) : E-mail record : QR code < ปิดหน้าต่าง
LEADER : 00000nam 2200000uu 4500
001    13399126429
003     ULIB
008    180916s2561||||th 000 0 tha d
020    ^a9786167890593
060    ^aWS105^bน569ส
100    ^aนิดา ลิ้มสุวรรณ
245    ^aสมาธิสั้น...แต่ฉัน OK
250    ^aพิมพ์ครั้งที่ 1
260    ^aกรุงเทพฯ :^bพราว,^c2561
300    ^a119 หน้า;^b15 ซม.
650    ^aสมาธิสั้น
945    ^p129^l0^i26631
999    ^aกัณชพร จุลอักษร
รายการนี้ยังไม่มีแท็ก
คุณยังไม่ได้ล็อกอิน คุณสามารถมีกิจกรรมร่วมกับเว็บไซต์ได้ แต่ต้องล็อกอินก่อน ::
  ล็อกอิน

รายการสื่อสารสนเทศ

ลำดับที่ ประเภท เลขเรียก/บาร์โค้ด สถานที่ สถานะ
1. วิทยาศาสตร์การแพทย์ และสุขภาพ
วิทยาศาสตร์การแพทย์ และสุขภาพ
WS105 น569ส ฉ.1 
  Barcode: 26631
ห้องสมุดวิทยาเขตนครสวรรค์
►หนังสือทั่วไป:l:General Books
บนชั้น

รายการใกล้เคียง
    ชื่อเรื่อง [สมาธิสั้น...แต่ฉัน OK]

    ผู้แต่ง [นิดา ลิ้มสุวรรณ]

    หัวเรื่อง [สมาธิสั้น]

BibComment


ยังไม่เคยถูกคอมเมนท์

คอมเมนท์ทรัพยากรรายการนี้
  คอมเมนท์: สมาธิสั้นแต่ฉัน OK


 Copyright 2026. Bcnsprnw @Library